Statistics for Three Letter Body Parts Quiz

Click here to take the quiz!

General Stats

  • This quiz has been taken 128,496 times
    (128,377 since last reset)
  • The average score is 6 of 10

Answer Stats

Body Part% Correct
Eye
96%
Ear
93%
Toe
91%
Arm
89%
Leg
88%
Lip
60%
Hip
46%
Rib
29%
Jaw
23%
Gum
18%

Score Distribution

Percentile by Number Answered

Percent of People with Each Score

Your Score History

You have not taken this quiz since the last reset